000 00301nam a22001337a 4500
008 181023b xxu||||| |||| 00| 0 eng d
020 _a9781573563260
041 _aeng
080 _22nd
_a338
100 _a56
101 _aMEN
245 _aThe "How To" Grants Manual
_cBauer,D.G
942 _2udc
_cBK
999 _c50675
_d50675